| 000 | 00462nam a22001817a 4500 | ||
|---|---|---|---|
| 003 | CEME | ||
| 005 | 20210628202541.0 | ||
| 008 | 210209b xxu||||| |||| 00| 0 eng d | ||
| 020 | _a0-7506-4586-5 | ||
| 040 | _c. | ||
| 082 | _a621.38804 BRI | ||
| 100 |
_aBrice, Richard _959538 |
||
| 245 | _aNewnes guide to digital television | ||
| 260 |
_aOXFORD _bNEWNES PUBLISHER _c2000 |
||
| 300 | _aXIII,258P | ||
| 650 |
_aDIGITAL TELEVISION _958180 |
||
| 942 |
_cBK _2ddc |
||
| 999 |
_c570156 _d570156 |
||